Ako fungujú anuity

Čo je to anuita. Ako fungujú anuity. Najčastejšie typy anuít. Koľko stoja a čo prinesú.

Na minha lista:
Detalhes bibliográficos
Autor principal: Baláž, Vladimír
Formato: Capítulo de Livro
Idioma:eslovaco
Assuntos:
Tags: Adicionar Tag
Sem tags, seja o primeiro a adicionar uma tag!

MARC

LEADER 00000naa a2200000 4500
001 0171982
005 20231018110900.9
041 0 |a slo 
044 |a SK 
245 1 0 |a Ako fungujú anuity  |c Vladimír Baláž 
520 |a Čo je to anuita. Ako fungujú anuity. Najčastejšie typy anuít. Koľko stoja a čo prinesú. 
610 2 0 |a dôchodky starobné 
610 2 0 |a sporenie dôchodkové doplnkové 
610 2 0 |a sporenie dôchodkové starobné 
610 2 0 |a poisťovne 
610 2 0 |a anuita 
100 1 |a Baláž, Vladimír